| 000 | 00491nam a2200157 4500 | ||
|---|---|---|---|
| 001 | 120683 | ||
| 003 | ES-MaACL | ||
| 005 | 20230906191612.0 | ||
| 007 | t| | ||
| 008 | 070214s1961 sp r ||||1| spa d | ||
| 100 | 1 |
_aPolaino Ortega, Lorenzo. _992798 |
|
| 245 | 1 | 0 |
_aEstudio geográfico del alto Guadalquivir / _cLorenzo Polaino Ortega. |
| 260 |
_aCazorla : _b[s.n.], _c1961 ( _fTall. Diario Jaén) |
||
| 300 |
_a90 p., 19 lám. ; _c24 cm + _e5 map. |
||
| 852 |
_aES-MaACL _jC-21517 _bR.49563 |
||
| 999 |
_c120683 _d120683 |
||